FMB calls for ASBOs to tackle bogus calls (Record no. 75211)

MARC details
000 -LEADER
fixed length control field 00663cab a2200193 4500
001 - CONTROL NUMBER
control field L129679
008 - FIXED-LENGTH DATA ELEMENTS--GENERAL INFORMATION
fixed length control field 050510n2005 000 0 eng u
035 ## - SYSTEM CONTROL NUMBER
System control number (Sirsi) u129679
041 ## - LANGUAGE CODE
Language code of text/sound track or separate title eng
110 ## - MAIN ENTRY--CORPORATE NAME
Corporate name or jurisdiction name as entry element Federation of Master Builders
9 (RLIN) 465
245 ## - TITLE STATEMENT
Title FMB calls for ASBOs to tackle bogus calls
260 ## - PUBLICATION, DISTRIBUTION, ETC.
Date of publication, distribution, etc. 2005
490 ## - SERIES STATEMENT
Series statement FMB Press Release
Volume/sequential designation 24 April 2005
520 ## - SUMMARY, ETC.
Summary, etc. Item not found when searched for online 12/9/2011.
650 ## - SUBJECT ADDED ENTRY--TOPICAL TERM
Topical term or geographic name entry element ANTI-SOCIAL BEHAVIOUR ORDERS
690 ## - LOCAL SUBJECT ADDED ENTRY--TOPICAL TERM (OCLC, RLIN)
Topical term or geographic name as entry element BUILT ENVIRONMENT-BUILDING TRADES
856 ## - ELECTRONIC LOCATION AND ACCESS
Uniform Resource Identifier <a href="https://www.fmb.org.uk/press/fmbnews/240405.asp">https://www.fmb.org.uk/press/fmbnews/240405.asp</a>
Public note View the press release free of charge at www.fmb.org.uk...
942 ## - ADDED ENTRY ELEMENTS (KOHA)
Suppress in OPAC 0
Holdings
Withdrawn status Lost status Source of classification or shelving scheme Damaged status Not for loan Home library Current library Shelving location Date acquired Total Checkouts Full call number Barcode Date last seen Copy number Price effective from Koha item type
    Dewey Decimal Classification     Virtual Virtual Online 10/05/2005   L129679 129679-2001 06/08/2019 1 06/08/2019 Journal article